[Event "BDO Premier"]
[Site "Haarlem NED"]
[Date "2008.08.11"]
[Round "3"]
[White "Spraggett,K"]
[Black "Burmakin,V"]
[Result "0-1"]
[WhiteElo "2601"]
[BlackElo "2625"]

1.c4 e6 2.Nf3 d5 3.g3 c6 4.b3 Nf6 5.Bg2 Be7 6.O-O O-O 7.Bb2 b5 8.d3 Qb6 9.Qc2 Na6
10.Nbd2 Rd8 11.cxb5 cxb5 12.Bd4 Qb7 13.Qb2 Ne8 14.a3 b4 15.axb4 Nxb4 16.Rfc1 Bd7
17.Ne5 Bb5 18.Bh3 a6 19.Bc5 Rac8 20.Bxe7 Qxe7 21.Nef3 Qf6 22.Qxf6 gxf6 23.Nd4 Bd7
24.f4 Kf8 25.Kf2 Ke7 26.N2f3 Nd6 27.Ke1 Nb7 28.Kd1 Nc5 29.Nd2 Rc7 30.Nc2 Nbxd3
31.exd3 Nxd3 32.Bf1 Nxc1 33.Rxc1 e5 34.Ne3 Rxc1+ 35.Kxc1 Bc8 36.Bg2 e4 37.Nc2 a5
38.Nd4 Bd7 39.Nf1 a4 40.bxa4 Rc8+ 41.Kd2 Rc4 42.Nc2 Rxa4 43.Nfe3 Kd6 44.Kc3 Kc5
45.Kd2 f5  0-1

[Event "IM"]
[Site "Panevezys LTU"]
[Date "2008.08.12"]
[Round "1"]
[White "Ciuksyte,D"]
[Black "Labeckas,K"]
[Result "0-1"]
[WhiteElo "2363"]
[BlackElo "2265"]

1.c4 e6 2.Nf3 d5 3.d4 c6 4.e3 f5 5.Bd3 Nf6 6.O-O Bd6 7.Nc3 O-O 8.Bd2 Ne4
9.c5 Bc7 10.b4 Bd7 11.a4 Be8 12.Ne5 Bxe5 13.dxe5 Nd7 14.f4 Nxc3 15.Bxc3 g5
16.g4 Bg6 17.Kh1 Kh8 18.Ra2 a5 19.Raf2 axb4 20.Bxb4 Qe7 21.fxg5 fxg4 22.Bxg6 hxg6
23.Rf6 Nxf6 24.gxf6 Qc7 25.Bc3 Kg8 26.Qxg4 Kf7 27.Rg1 Rg8 28.Qg5 Ke8 29.a5 Qh7
30.Qg4 Kd7 31.Rb1 Rab8 32.e4 Rh8 33.Qg2 g5 34.Rd1 Qh3 35.exd5 cxd5 36.Qc2 Qf3+
37.Kg1 Rh4 38.Be1 Rg4+ 39.Bg3 Rxg3+ 40.hxg3 Rh8  0-1

[Event "WCh-Junior Girls"]
[Site "Gaziantep TUR"]
[Date "2008.08.15"]
[Round "13"]
[White "Kazimova,N"]
[Black "Guo Qi"]
[Result "1-0"]
[WhiteElo "2148"]
[BlackElo "2048"]

1.c4 e6 2.Nf3 d5 3.g3 dxc4 4.Qa4+ Nd7 5.Bg2 a6 6.Qxc4 b5 7.Qc2 Bb7 8.O-O Ngf6
9.d3 c5 10.b3 Be7 11.Bb2 O-O 12.Nbd2 Qb6 13.Rac1 Rac8 14.Qb1 h6 15.Qa1 Rfd8
16.Rfd1 Ne8 17.e4 Nb8 18.Ne5 Nc6 19.Nxc6 Bxc6 20.Nf3 Bf6 21.Ne5 Bb7 22.h4 Rc7
23.Bf3 Nd6 24.Kg2 Nc8 25.a4 Na7 26.a5 Qd6 27.d4 cxd4 28.Rxd4 Rxc1 29.Qxc1 Qe7
30.Rxd8+ Qxd8 31.Qc5 Nc8 32.Nc6 Qc7 33.e5 Be7 34.Qc1 Kf8 35.Bd4 Ke8 36.Be3 Ba3
37.Qxa3 Bxc6 38.Qc5 Bxf3+ 39.Kxf3 Qb7+ 40.Ke2 Ne7 41.Qb6 Qxb6 42.Bxb6 f5
43.exf6 gxf6 44.Be3 h5 45.f3 Nc6 46.Bb6 Kf7 47.Ke3 Kg6 48.g4 f5 49.g5 e5
50.Bc7 Kf7 51.Bb6 Ke6 52.Kd3 Kd5 53.Ke3 Ne7 54.Kd3 Ng6 55.Bf2 Nf4+ 56.Ke3 Kc5
57.Be1 b4 58.Bf2 Kb5 59.Bg3 Ng6 60.Bxe5 Kxa5 61.Kd4 Kb5 62.Kd5 a5 63.Ke6 a4
64.bxa4+ Kxa4 65.Kf6 Nxe5 66.Kxe5 b3 67.g6 b2 68.g7 b1=Q 69.g8=Q Qb5+ 70.Qd5 Qb8+
71.Kxf5 Qg3 72.Qe4+ Kb5 73.Qe5+  1-0

[Event "WCh-Junior Girls"]
[Site "Gaziantep TUR"]
[Date "2008.08.15"]
[Round "13"]
[White "Toth,Sar"]
[Black "Middelveld,M"]
[Result "1-0"]
[WhiteElo "2151"]
[BlackElo "2073"]

1.c4 e6 2.Nf3 d5 3.b3 c5 4.g3 Nc6 5.Bg2 Nf6 6.O-O Be7 7.Bb2 d4 8.e3 e5 9.b4 cxb4
10.a3 bxa3 11.Nxa3 O-O 12.exd4 exd4 13.d3 Bc5 14.Qb3 Rb8 15.Bc1 Bf5 16.Bf4 Bd6
17.Bxd6 Qxd6 18.Nb5 Qc5 19.Qa3 Nd7 20.Nh4 Bg4 21.h3 Be6 22.Nxa7 Nxa7 23.Qxa7 Qxa7
24.Rxa7 Nc5 25.Ra3 b5 26.cxb5 Rxb5 27.Rc1 Rfb8 28.Kh2 Bb3 29.Nf3 Ne6 30.Nd2 Bd5
31.Bxd5 Rxd5 32.Kg2 h6 33.Rc4 Rbd8 34.Nf3 Kf8 35.Ra7 R5d7 36.Rxd7 Rxd7 37.Ne5 Rd5
38.Nc6 f5 39.f4 Kf7 40.Rb4 Ke8 41.Rb7 Rd7 42.Rb8+ Nd8 43.Nxd8 Rxd8 44.Rb5 g6
45.g4 fxg4 46.hxg4 Kf7 47.Rb4 h5 48.g5 Ra8 49.Rxd4 Ra2+ 50.Kf3 Ra1 51.Rd7+ Kg8
52.d4 Rf1+ 53.Ke4 Re1+ 54.Kd5 h4 55.Rd8+ Kg7 56.Rd7+ Kg8 57.Ra7 h3 58.Ra8+ Kg7
59.Ra7+ Kg8 60.Ra2 Rf1 61.Ke5 Rf3 62.d5 Kf7 63.Ra7+ Ke8 64.Rh7 Kd8 65.d6 Ke8
66.Ke6 Re3+ 67.Kf6 Rd3 68.d7+ Rxd7 69.Rh8+  1-0

[Event "VII Open"]
[Site "Ortigueira ESP"]
[Date "2008.08.16"]
[Round "7"]
[White "Alvarez Pedraza,A"]
[Black "Petkov,V"]
[Result "1-0"]
[WhiteElo "2453"]
[BlackElo "2423"]

1.c4 e6 2.Nf3 d5 3.g3 dxc4 4.Bg2 Nd7 5.Qa4 c5 6.Qxc4 Ne7 7.b3 Nf5 8.Bb2 Be7
9.O-O O-O 10.e3 a6 11.Qe2 Bf6 12.Nc3 Rb8 13.g4 Nd6 14.e4 Ne5 15.Ne1 g5 16.Na4 b6
17.d4 cxd4 18.Bxd4 Nb5 19.Bb2 Nd4 20.Qd1 Ng6 21.Nd3 Qd6 22.Qd2 Rd8 23.Rad1 Bb7
24.Qe3 Nf4 25.Rd2 e5 26.Rfd1 Qe6 27.h3 Rbc8 28.Kh1 h5 29.gxh5 Kg7 30.Rg1 Kh7
31.Nc3 Rd7 32.Nb4 Rg8 33.Ncd5 a5 34.Nxf6+ Qxf6 35.Nd5 Bxd5 36.exd5 g4 37.Be4+ Kh6
38.Rxd4 exd4 39.Bxd4 Qd6 40.hxg4 Rg5 41.f3 Re7 42.Qd2 f5 43.Rc1 fxe4 44.Rc6 Qxc6
45.dxc6 Nd5 46.fxe4  1-0

[Event "23rd Open"]
[Site "Schwarzach AUT"]
[Date "2008.08.16"]
[Round "1"]
[White "Wimmer,A"]
[Black "Tikkanen,H"]
[Result "0-1"]
[WhiteElo "2101"]
[BlackElo "2417"]

1.c4 e6 2.Nf3 d5 3.b3 c5 4.g3 Nc6 5.e3 d4 6.exd4 cxd4 7.d3 Nf6 8.Bg2 Bb4+
9.Bd2 a5 10.a3 Bd6 11.Bg5 h6 12.Bxf6 Qxf6 13.Nbd2 Qe7 14.Qc1 f5 15.O-O O-O
16.Re1 Bd7 17.c5 Bxc5 18.Ne5 Nxe5 19.Rxe5 Rac8 20.Qb2 b5 21.Nf3 Qd6 22.Qd2 Bxa3
23.Qxa5 Ra8 24.Qe1 Bb4 25.Qd1 Bc3 26.Rb1 Ra2 27.Re2 Rxe2 28.Qxe2 Bc6 29.Rc1 Bd5
30.Rb1 Ra8 31.Qe5 Qxe5 32.Nxe5 Bxg2 33.Kxg2 Ra2 34.Kf1 Kf8 35.h3 Ke7 36.Ng6+ Kf6
37.Nf4 Rd2 38.Re1 g5 39.Nxe6 Rb2  0-1

[Event "ch-Euro Seniors"]
[Site "Davos SUI"]
[Date "2008.08.17"]
[Round "9"]
[White "Rukavina,J"]
[Black "Fatalibekova,E"]
[Result "1/2-1/2"]
[WhiteElo "2414"]
[BlackElo "2259"]

1.c4 e6 2.Nf3 d5 3.b3 dxc4 4.bxc4 c5 5.g3 Nc6 6.Bg2 Nf6 7.O-O e5 8.Nc3 Bd6
9.d3 h6 10.Rb1 O-O 11.Ne1 Rb8 12.Nc2 Bd7 13.Ne3 b6 14.Nb5 Be7 15.Nd5 Nxd5
16.cxd5 Nd4 17.Nxa7 Qc7 18.Nc6 Nxc6 19.dxc6 Bxc6 20.a4 Bxg2 21.Kxg2 c4 22.Qc2 Qb7+
23.Kg1 cxd3 24.Qxd3 Rfd8 25.Qf5 Rd5 26.Be3 Bc5 27.Qe4 Bxe3 28.Qxe3 Qc6 29.Rb4 Qd6
30.Rfb1 Rd1+ 31.Rxd1 Qxd1+ 32.Kg2 f6 33.Qe4 Qd6 34.Qc4+ Kf8 35.Rb5 Rd8 36.e3 Ke7
37.Qe4 Rd7 38.Qa8 Kf7 39.a5 bxa5 40.Rxa5 Qb6  1/2-1/2

[Event "U16 Olympiad"]
[Site "Mersin TUR"]
[Date "2008.08.17"]
[Round "1"]
[White "Garcia,Jan"]
[Black "Soylemez,C"]
[Result "1-0"]
[WhiteElo "2232"]
[BlackElo "1849"]

1.c4 e6 2.Nf3 d5 3.g3 Nf6 4.Bg2 Nbd7 5.O-O Be7 6.b3 c6 7.Bb2 O-O 8.d4 Ne4
9.Nfd2 f5 10.f3 Nef6 11.Qc2 Bd6 12.e4 fxe4 13.fxe4 Ng4 14.cxd5 Qg5 15.Qd3 Qh6
16.Rxf8+ Nxf8 17.Nf1 exd5 18.e5 Bc7 19.Nc3 Qg5 20.h3 Nh6 21.Rc1 Bf5 22.Qe3 Qd8
23.g4 Bg6 24.b4 Ne6 25.Na4 Qd7 26.b5 Rf8 27.Ba3 Re8 28.bxc6 bxc6 29.Qc3 Nd8
30.Ne3 Bb6 31.Qb4 Bc7 32.Qc5 Bb8 33.Kh1 Nhf7 34.Qa5 Be4 35.Nc5 Bxg2+ 36.Kxg2 Qc7
37.Qc3 Ng5 38.Qb3 Nde6 39.Nxe6 Nxe6 40.Nxd5 Qd7 41.Nf4 Kh8 42.Nxe6 Qxe6 43.Qxe6 Rxe6
44.Rb1 Re8 45.Rb7 h6 46.Kf3 Kh7 47.Ke4 Kg6 48.Bc5 a6 49.Rb6 Ba7 50.Rxc6+  1-0

[Event "XXI Virxe Peregrina Open"]
[Site "Pontevedra ESP"]
[Date "2008.08.17"]
[Round "8"]
[White "Gil Reguera,J"]
[Black "Maleki,Ma"]
[Result "0-1"]
[WhiteElo "2236"]
[BlackElo "2189"]

1.c4 e6 2.Nf3 d5 3.cxd5 exd5 4.d4 c6 5.Nc3 Bf5 6.g3 Nf6 7.Bg2 Bd6 8.O-O O-O
9.Nh4 Bg4 10.Qc2 Re8 11.Nf5 Bb4 12.Ne3 Bh5 13.a3 Bf8 14.b4 a6 15.Bb2 Nbd7
16.Na4 Ne4 17.Nc5 Nd6 18.Rfe1 Nf6 19.Nf1 Re7 20.Nd2 Bxe2 21.Nf3 Bxf3 22.Bxf3 Qc7
23.a4 Rae8 24.Bc3 Nfe4 25.Kg2 g6 26.h4 h5  0-1

[Event "ch-FAOGBA sf"]
[Site "Ciudadela ARG"]
[Date "2008.08.18"]
[Round "3"]
[White "Herrera,P"]
[Black "Koch,Ju"]
[Result "1-0"]
[WhiteElo "2080"]
[BlackElo "2047"]

1.c4 e6 2.Nf3 d5 3.e3 Nf6 4.b3 c5 5.Bb2 Nc6 6.cxd5 exd5 7.Bb5 Bd7 8.O-O Bd6
9.d4 cxd4 10.Nxd4 O-O 11.Nf3 a6 12.Be2 Bg4 13.Nc3 Rc8 14.Rc1 Re8 15.h3 Bh5
16.Kh1 Bb8 17.Nd4 Qd6 18.g3 Nxd4 19.Qxd4 Rxc3 20.Bxh5 Rxc1 21.Rxc1 Nxh5 22.Qg4 g6
23.Rc8 f5 24.Rxe8+ Kf7 25.Qa4 b5 26.Ba3 bxa4 27.Bxd6 Bxd6 28.Ra8 a3 29.Rxa6 Ke6
30.b4 Nf6 31.Rxa3 Bxb4 32.Ra7 Ne4 33.Kg2 h5 34.Ra6+ Kf7 35.Kf1 Nc5 36.Rd6 Ne4
37.Rxd5 Nc3 38.Rd7+ Ke6 39.Rg7 Kf6 40.Ra7 Ke5 41.h4 Ke4 42.a3 Bd6 43.Kg2 Nb5
44.Rg7 Nxa3 45.Rxg6 Nc4 46.Re6+ Kd5 47.Rh6 Ke5 48.Rxh5 Kf6 49.Rh6+ Kg7 50.Rh5 Kg6
51.Rh8 Be5 52.Rc8 Nd2 53.f3 Nb1 54.Rc6+ Kg7 55.h5 Nc3 56.Rc5 Kf6 57.h6  1-0

[Event "Open A"]
[Site "Vladimir RUS"]
[Date "2008.08.19"]
[Round "7"]
[White "Popov,Val"]
[Black "Aleksandrov,A"]
[Result "0-1"]
[WhiteElo "2524"]
[BlackElo "2574"]

1.c4 e6 2.Nf3 d5 3.g3 dxc4 4.Bg2 a6 5.O-O Nf6 6.a4 Nc6 7.a5 Bd7 8.b3 cxb3
9.Qxb3 b6 10.axb6 cxb6 11.d4 Na5 12.Qc2 Bc6 13.Bd2 Bd5  0-1

[Event "Jessie Gilbert Celebration Int"]
[Site "Coulsdon ENG"]
[Date "2008.08.20"]
[Round "5"]
[White "McNab,C"]
[Black "Berelowitsch,A"]
[Result "1/2-1/2"]
[WhiteElo "2450"]
[BlackElo "2557"]

1.c4 e6 2.Nf3 d5 3.b3 d4 4.e3 c5 5.g3 Nc6 6.exd4 cxd4 7.Bg2 Nf6 8.O-O Bd6
9.d3 h6 10.Na3 O-O 11.Nc2 a5 12.Rb1 e5 13.a3 Re8 14.b4 Bf8 15.b5 Nb8 16.Re1 Nbd7
17.b6 Ra6 18.Rb5 Rxb6 19.Rxa5 Rb1 20.Ra8 Nb6 21.Ra7 e4 22.Nd2 exd3 23.Rxe8 Qxe8
24.Nxd4 Bg4 25.Bf3 Bxf3 26.N4xf3 Ra1 27.Nb3 Ra2 28.Qxd3 Ng4 29.Bd2 Qc8 30.h3 Nf6
31.c5 Nbd7 32.Qb1 Rxd2 33.Nfxd2 Ne5 34.Kh2 g6 35.Ra4 Bxc5 36.Qc2 b6 37.Nxc5 bxc5
38.Rf4 Nd5 39.Re4 Qf5 40.Qxc5 Nf3+ 41.Nxf3 Qxe4 42.Kg2 Nf6 43.Qe3 Qa8 44.Kh2 Ne4
45.Ne5 h5 46.Qd4 Ng5 47.Qf4 Qa7 48.Qe3 Qe7 49.Nc6 Qf6 50.Ne7+ Kh7 51.Nd5 Qd8
52.Nc3 Ne6 53.h4 Nd4 54.Ne4 Kg7 55.Ng5 Qd5 56.a4 Nc6 57.Qe4 Qc5 58.Kg2 Ne5
59.Qb7 Qa5 60.Qb5 Qa8+ 61.f3 f6 62.Ne6+ Kh6 63.Nd4 Qd8 64.Qb4 Qe8 65.a5 Qc8
66.Qd2+ Kh7 67.Qc2 Qb7 68.Qb3 Qa6 69.Qb5 Qd6 70.Ne2 Qd2 71.a6 Qd3 72.Qb7+ Kh6
73.Qe4 Qa3 74.Qa8 Kg7 75.Qb7+ Kh6 76.a7 Qe3 77.Ng1 Qd2+ 78.Kh1 Nd3 79.Qb6 Ne1
80.Qe3+ Qxe3 81.a8=Q Kg7 82.Qb7+ Kf8 83.Qb4+  1/2-1/2

[Event "5th DA Tan Malaysian Open"]
[Site "Kuala Lumpur MAS"]
[Date "2008.08.20"]
[Round "5"]
[White "Kojima,S"]
[Black "Garma,C"]
[Result "1/2-1/2"]
[WhiteElo "2253"]
[BlackElo "2346"]

1.Nf3 e6 2.c4 d5 3.d4 c5 4.cxd5 exd5 5.g3 Nc6 6.Bg2 Nf6 7.O-O Be7 8.Nc3 O-O
9.Bg5 cxd4 10.Nxd4 h6 11.Bf4 Be6 12.Nxe6 fxe6 13.e4 d4 14.e5 Ne8 15.Nb5 g5
16.Bc1 Qb6 17.a4 a6 18.Bxc6 bxc6 19.Na3 Qc5 20.Re1 Ng7 21.Qd3 Rf5 22.Nc4 Raf8
23.f4 gxf4 24.Bxf4 Bg5 25.Nd6 Rxf4 26.gxf4 Bxf4 27.Nc4 Rf5 28.Re4 Qd5 29.Qxd4 c5
30.Qxd5 exd5 31.Rxf4 Rxf4 32.Nb6 Rg4+ 33.Kf2 Rf4+ 34.Kg2 Rd4 35.Rf1 c4 36.Rf6 Rd2+
37.Rf2 Rd3 38.Rf6 Nh5 39.Rxh6 Nf4+ 40.Kf2 Rb3 41.a5 Nd3+ 42.Kf1 Rxb2 43.Nxd5 Rb5
44.Ne3 c3 45.Rxa6 Rb1+ 46.Ke2 Nxe5 47.Ra8+ Kf7 48.Rc8 Rb2+ 49.Kf1 Rxh2 50.a6 Ra2
51.Rc7+ Kg6 52.a7 Kg5 53.Rxc3 Rxa7 54.Rc5 Kf4 55.Nd5+ Kg3 56.Rc3+ Nf3 57.Ke2 Ra2+
58.Ke3 Ra5 59.Ke4 Ra4+ 60.Kf5 Ra5 61.Ke4 Ra4+ 62.Kf5 Rd4 63.Ke6 Re4+ 64.Kd6 Kf2
65.Rc2+ Kg3 66.Rc3 Kf2 67.Rc2+ Kg3  1/2-1/2

[Event "TCh-MNE Premier"]
[Site "Herceg Novi MNE"]
[Date "2008.08.25"]
[Round "1"]
[White "Nikcevic,N"]
[Black "Blagojevic,Dr"]
[Result "1/2-1/2"]
[WhiteElo "2401"]
[BlackElo "2519"]

1.c4 e6 2.Nf3 d5 3.d4 Nf6 4.Nc3 Nbd7 5.Bf4 dxc4 6.e3 Nb6 7.Bxc4 Nxc4 8.Qa4+ Bd7
9.Qxc4 Bd6 10.Bg5 h6 11.Bh4 Be7 12.O-O O-O 13.Ne5 c6 14.Bxf6 Bxf6 15.Ne4 Be8
16.Nxf6+ Qxf6 17.Qb4 Rb8 18.Qa5 a6 19.Rac1 Qe7 20.Nc4 f6 21.Qc5 Qd7 22.Rfd1 Bg6
23.f3 Rfd8 24.e4 Bf7 25.e5 Qd5 26.Nb6 Qxa2 27.exf6 Qxb2 28.Rb1 Qe2 29.fxg7 Qe3+
30.Kh1 Qg5 31.Nc4 Qxc5 32.dxc5 Bg6 33.Rbc1 Kxg7 34.Kg1 Kf6 35.Rxd8 Rxd8 36.Na5 Rd7
37.Re1 e5 38.Re2 Rd1+ 39.Kf2 Bd3 40.Rb2 Bb5 41.Nxb7 h5 42.h4 e4 43.fxe4 Ke5
44.g4 hxg4 45.Kg3 Rg1+ 46.Rg2 Rxg2+ 47.Kxg2 Kf4 48.h5 Kg5 49.Kg3 Kxh5 50.Na5 Kg5
51.e5 Kf5 52.e6 Kxe6 53.Kxg4 Kd5 54.Nb7 Kc4 55.Kf4 Kd4 56.Kf3 Bc4 57.Kf2 Kc3
58.Ke1 Kc2 59.Na5 Bb5 60.Nb7 Ba4 61.Ke2 Kc3 62.Ke1 Bc2 63.Ke2 Bf5 64.Kd1 Kb4
65.Kc1 a5 66.Kb2 a4 67.Nd8 a3+ 68.Ka1 Be4 69.Nxc6+ Bxc6 70.Ka2 Ka4 71.Ka1 Kb4
72.Ka2 Bd5+ 73.Ka1 Kxc5 74.Kb1 Kb4 75.Ka1 Kb3 76.Kb1 a2+ 77.Ka1 Be4  1/2-1/2

[Event "UAE President's Cup"]
[Site "Al Ain UAE"]
[Date "2008.08.26"]
[Round "5"]
[White "Omar,Abdulw"]
[Black "Othman,A"]
[Result "0-1"]
[WhiteElo "2059"]
[BlackElo "2327"]

1.c4 e6 2.Nf3 d5 3.b3 Nf6 4.Bb2 c6 5.g3 Nbd7 6.Bg2 Bd6 7.O-O O-O 8.Nc3 Re8
9.d4 Rb8 10.Re1 b5 11.cxb5 cxb5 12.Rc1 Qa5 13.Qd2 Bb4 14.Qc2 Bb7 15.a3 Bxa3
16.Bxa3 b4 17.Bb2 bxc3 18.Bxc3 Qb6 19.Qa2 Ba8 20.Rb1 Ne4 21.Ba5 Qa6 22.b4 Nc3
23.Qd2 Nxb1 24.Rxb1 Rec8 25.Rd1 Nb6 26.e3 Nc4 27.Bf1 Nxd2 28.Bxa6 Nxf3+ 29.Kg2 Ng5  0-1

[Event "8th Open"]
[Site "Velika Gorica CRO"]
[Date "2008.08.26"]
[Round "5"]
[White "Hibner,B"]
[Black "Vukusic,M"]
[Result "0-1"]
[WhiteElo "2080"]
[BlackElo "2146"]

1.c4 e6 2.Nf3 d5 3.g3 Nf6 4.Bg2 Be7 5.O-O O-O 6.d4 dxc4 7.Ne5 Nbd7 8.Nxc4 Nb6
9.Nxb6 axb6 10.Nc3 Nd5 11.e4 Nb4 12.a3 Bd7 13.Be3 Na6 14.e5 Bc6 15.Bxc6 bxc6
16.Qg4 Kh8 17.Rfd1 Qc8 18.b4 Nb8 19.Ne4 Ra4 20.Nc3 Ra7 21.h4 Nd7 22.Qe4 Qa8
23.Qb1 Rxa3 24.Qb2 Bxb4 25.Ne4 Be7 26.Bg5 Rxa1 27.Rxa1 Qd8 28.Qc2 Nb8 29.Be3 Qd5
30.Ra7 Rc8 31.Bg5 Bf8 32.Be3 h6 33.Bxh6 f5 34.Nc3 Qxd4 35.Be3 Qc4 36.Qb2 b5
37.Ne2 c5 38.Nf4 Nc6 39.Rb7 b4 40.Ng6+ Kg8 41.Qa1 Nd4 42.Bxd4 cxd4 43.Qd1 d3
44.Qh5 d2 45.Qh8+ Kf7 46.Qh5 Qc1+  0-1

[Event "2nd Open"]
[Site "Urumia IRI"]
[Date "2008.08.29"]
[Round "7"]
[White "Agayev,N"]
[Black "Pourramezanali,A"]
[Result "1-0"]
[WhiteElo "2281"]
[BlackElo "2098"]

1.Nf3 e6 2.c4 d5 3.b3 b6 4.Bb2 Bb7 5.e3 Nf6 6.Be2 Nbd7 7.O-O Bd6 8.cxd5 exd5
9.d4 O-O 10.Nc3 a6 11.Rc1 Qe7 12.Nd2 Rac8 13.Bf3 c5 14.Nc4 Bc7 15.dxc5 b5
16.Nd6 Bxd6 17.cxd6 Qxd6 18.Ne4 Nxe4 19.Rxc8 Rxc8 20.Bxe4 Qe6 21.Bb1 Ne5
22.Qh5 Ng6 23.Bf5 Qd6 24.Bxc8 Bxc8 25.Rc1 Be6 26.Qf3 h6 27.Qd1 Ne7 28.Qd4 Nf5
29.Qc5 Qd8 30.Qc7 Qg5 31.Qe5 Qg4 32.f3 Qg6 33.Qf4 f6 34.e4 dxe4 35.fxe4 Ne7
36.Qd6  1-0

[Event "1st Dragon Capital Vietnam Open"]
[Site "Vung Tau VIE"]
[Date "2008.08.29"]
[Round "4"]
[White "Doan Van Duc"]
[Black "San Thit Lwin"]
[Result "0-1"]
[WhiteElo "2160"]
[BlackElo "2450"]

1.c4 e6 2.Nf3 d5 3.g3 Nf6 4.Bg2 d4 5.O-O c5 6.d3 Nc6 7.e3 h6 8.exd4 cxd4
9.a3 a5 10.Re1 Bd6 11.Nbd2 O-O 12.Qc2 e5 13.Rb1 Qc7 14.c5 Be7 15.Nc4 e4 16.dxe4 Bxc5
17.Bf4 Qe7 18.Nfe5 Nxe5 19.Nxe5 Be6 20.Nd3 Bb6 21.Qa4 Bd7 22.Qd1 Bc6 23.Ne5 Rfd8
24.Nxc6 bxc6 25.Rc1 Qe6 26.Bf1 d3 27.Bxd3 Qh3 28.Be3 Bxe3 29.fxe3 Ng4 30.Rc2 Rd7
31.Qe2 Rad8 32.Bc4 Ne5 33.Rf1 Kh8 34.Qg2 Qg4 35.Be2 Qe6 36.Rfc1 Qb3 37.Qf2 Rd2
38.Rxd2 Rxd2 39.Qf5 Qxe3+  0-1

[Event "ch-FAOGBA sf"]
[Site "Ciudadela ARG"]
[Date "2008.08.31"]
[Round "8"]
[White "Leonoff,L"]
[Black "Uelf,M"]
[Result "0-1"]
[WhiteElo "1956"]
[BlackElo "1932"]

1.c4 e6 2.Nf3 d5 3.g3 Nf6 4.Bg2 Nbd7 5.b3 c6 6.O-O a5 7.Nc3 Be7 8.d3 O-O
9.Bb2 e5 10.e3 dxc4 11.dxc4 Qc7 12.Qc2 Nc5 13.Rfd1 Bg4 14.Rd2 Bh5 15.e4 Ne6
16.Ne2 Bxf3 17.Bxf3 a4 18.Rad1 axb3 19.axb3 Bb4 20.Bc3 Bxc3 21.Qxc3 Ra3 22.h4 Nc5
23.Qc2 Rxb3 24.Bg2 h6 25.Nc1 Ra3 26.f3 Qa5 27.Qb2 Qc3 28.Ne2 Qe3+ 29.Kh2 Ncxe4
30.fxe4 Ng4+ 31.Kh3 Nf2+ 32.Kh2 Nxd1 33.Rxd1 Rfa8 34.Qd2 Qf2 35.Rb1 Rxg3
36.Rg1 Rg4  0-1

[Event "IX GM"]
[Site "Banja Luka BIH"]
[Date "2008.09.01"]
[Round "3"]
[White "Javakhishvili,L"]
[Black "Savanovic,A"]
[Result "1/2-1/2"]
[WhiteElo "2461"]
[BlackElo "2417"]

1.c4 e6 2.Nf3 d5 3.g3 Nf6 4.Bg2 d4 5.O-O c5 6.d3 Nc6 7.e3 Be7 8.exd4 cxd4
9.Re1 O-O 10.Na3 Ne8 11.Nc2 a5 12.b3 f6 13.a3 e5 14.Rb1 Nc7 15.b4 axb4 16.axb4 Kh8
17.Nd2 Ra2 18.Ba3 Bf5 19.Rb3 Rxa3 20.Nxa3 Bxb4 21.Bxc6 Bxd2 22.Be4 Bxe1 23.Bxf5 g6
24.Qxe1 gxf5 25.Rxb7 e4 26.Qa5 exd3 27.Qxf5 Qc8 28.Qf3 d2 29.Rb1 Qa8 30.Kg2 Ne6
31.Qxa8 Rxa8 32.Nb5 Ra2 33.Rd1 Nc5 34.Nxd4 Ne4 35.Nb5 Rc2 36.Kf1 Rxc4 37.f3 Ng5
38.Rxd2 Nxf3 39.Rd8+ Kg7  1/2-1/2

[Event "ch-ISL"]
[Site "Reykjavik ISL"]
[Date "2008.09.02"]
[Round "7"]
[White "Danielsen,Hen"]
[Black "Thorfinnsson,Bj"]
[Result "1/2-1/2"]
[WhiteElo "2526"]
[BlackElo "2422"]

1.c4 e6 2.Nf3 d5 3.b3 Nf6 4.g3 Be7 5.Bg2 O-O 6.O-O b6 7.Bb2 Bb7 8.d3 c5 9.e3 Nc6
10.Qe2 Qc7 11.Nc3 Rad8 12.Rfd1 Rd7 13.cxd5 Nxd5 14.Nxd5 Rxd5 15.d4 cxd4 16.Nxd4 Nxd4
17.Bxd4 Rd7 18.Rac1 Qb8 19.Qg4 g6 20.Bc6 Bxc6 21.Rxc6 Qb7 22.Rdc1 Bc5 23.Bxc5 Qxc6
24.Ba3 Qb5 25.Bxf8 Kxf8 26.Qf4 Kg7 27.e4 e5 28.Qg4 Rd2 29.Qg5 Rxa2 30.Qe7 a5
31.Kg2 Qxb3 32.Qxe5+ Kh6 33.Qf4+ Kg7 34.Qe5+ Kh6 35.Qf4+  1/2-1/2

[Event "TCh-SRB 1st League"]
[Site "Subotica SRB"]
[Date "2008.09.06"]
[Round "6"]
[White "Strikovic,A"]
[Black "Cvetkovic,Sr"]
[Result "1/2-1/2"]
[WhiteElo "2512"]
[BlackElo "2374"]

1.c4 e6 2.Nf3 d5 3.g3 Nf6 4.Bg2 Be7 5.O-O O-O 6.b3 b6 7.Bb2 Bb7 8.e3 c5 9.Qe2 Nc6
10.d4 cxd4 11.exd4 Rc8 12.Nbd2 Re8 13.Rac1 dxc4 14.bxc4 Qd6 15.Rfd1 Qb4 16.Bc3 Qa4
17.Ne5 Na5 18.Bxa5 Bxg2 19.Kxg2 Qxa5 20.Nb3 Qa4 21.c5 Nd5 22.Qf3 Bf6 23.Rc4 Qa6
24.Rdc1 bxc5 25.Rxc5 Rxc5 26.Rxc5 Bxe5  1/2-1/2

[Event "SuperLiga-ROM"]
[Site "Eforie Nord ROM"]
[Date "2008.09.08"]
[Round "8"]
[White "Foisor,O"]
[Black "Lupulescu,C"]
[Result "0-1"]
[WhiteElo "2410"]
[BlackElo "2589"]

1.c4 e6 2.Nf3 d5 3.g3 dxc4 4.Qa4+ c6 5.Qxc4 b5 6.Qc2 Bb7 7.Bg2 Nd7 8.O-O Ngf6
9.b3 Be7 10.Bb2 O-O 11.d3 c5 12.Nbd2 Rc8 13.Rac1 Nd5 14.a3 f6 15.Qb1 e5 16.e3 N7b6
17.Rc2 Nc7 18.Rfc1 Bxf3 19.Bxf3 Qxd3 20.Be4 Qd7 21.Nf3 g6 22.Rd2 Qe8 23.g4 c4
24.Bb7 Rd8 25.Qe4 Rxd2 26.Nxd2 Qd7 27.Rc2 cxb3 28.Nxb3 Nc4 29.Rxc4 bxc4 30.Qxc4+ Kg7
31.g5 Ne6 32.gxf6+ Bxf6 33.Bd5 Nc7 34.Bc6 Qe6 35.Qc2 Qg4+ 36.Bg2 Ne6 37.h3 Qa4
38.Bd5 Ng5 39.Qc7+ Kh6 40.Kg2 Qh4  0-1

[Event "7th Georgiev - Kesarovski Mem"]
[Site "Sunny Beach BUL"]
[Date "2008.09.10"]
[Round "3"]
[White "Pezelj,N"]
[Black "Puobis,J"]
[Result "1-0"]
[WhiteElo "2334"]
[BlackElo "2020"]

1.c4 e6 2.Nf3 d5 3.e3 Nf6 4.d4 Bb4+ 5.Nbd2 Ne4 6.a3 Nxd2 7.Bxd2 Be7 8.Qc2 f5
9.Bd3 O-O 10.O-O c6 11.Bb4 Nd7 12.Bxe7 Qxe7 13.cxd5 cxd5 14.Qc7 Qd8 15.Rac1 Nf6
16.Rc2 Ne4 17.Rfc1 Nd6 18.Ne5 a6 19.b3 Re8 20.f3 Qxc7 21.Rxc7 Kf8 22.g4 Re7
23.Rxe7 Kxe7 24.Rc7+ Kf6 25.g5+ Kxg5 26.Rxg7+ Kh6 27.Rg8 b5 28.Rd8 Nb7 29.Re8 Nd6
30.Re7 Rb8 31.Rc7 Rb6 32.Kf2 Bb7 33.Kg3 a5 34.Rd7 Bc8  1-0

[Event "I Liga Seniorow"]
[Site "Ustron POL"]
[Date "2008.09.11"]
[Round "6"]
[White "Czerwonski,A"]
[Black "Krainski,A"]
[Result "1/2-1/2"]
[WhiteElo "2414"]
[BlackElo "2269"]

1.c4 e6 2.Nf3 d5 3.g3 Nf6 4.Bg2 Be7 5.O-O O-O 6.d4 Nbd7 7.Qc2 c6 8.Rd1 b6
9.cxd5 cxd5 10.Ne5 Bb7 11.Nc6 Bxc6 12.Qxc6 Rc8 13.Qa4 Qc7 14.Nc3 Qb7 15.Qb3 a6
16.a4 Nb8 17.Bg5 Nc6 18.Rac1 Rfd8 19.e3 h6 20.Bxf6 Bxf6 21.Na2  1/2-1/2

[Event "EYb18"]
[Site "Herceg Novi MNE"]
[Date "2008.09.22"]
[Round "7"]
[White "Bojchev,M"]
[Black "Froewis,G"]
[Result "1/2-1/2"]
[WhiteElo "2406"]
[BlackElo "2269"]

1.c4 e6 2.Nf3 d5 3.b3 c6 4.Bb2 Nf6 5.e3 Nbd7 6.Be2 Bd6 7.O-O e5 8.cxd5 cxd5
9.Ba3 Bxa3 10.Nxa3 O-O 11.d4 Qe7 12.dxe5 Nxe5 13.Nxe5 Qxe5 14.Nb5 a6 15.Qd4 Qe7
16.Nc3 Be6 17.Bf3 Rad8 18.Rfd1 h5 19.Qe5 Qb4 20.Rac1 Rfe8 21.Qd4 Qe7 22.h3 g5
23.Qe5 Nd7 24.Qc7 Nf6 25.Qe5 Nd7 26.Qg3 h4 27.Qc7 Nf6 28.Qe5 Nd7 29.Qd4 Nf6
30.Qe5 Nd7 31.Qc7 Nf6 32.Na4 Kh7 33.Nb6 Rd6 34.Qxe7 Rxe7 35.Rc8 Bxc8 36.Nxc8 Kg6
37.Kf1 Kf5 38.Rd4 Ke6  1/2-1/2

[Event "9th YM Open"]
[Site "Lausanne SUI"]
[Date "2008.09.22"]
[Round "7"]
[White "Foisor,O"]
[Black "Ginsburg,G"]
[Result "1/2-1/2"]
[WhiteElo "2410"]
[BlackElo "2520"]

1.c4 e6 2.Nf3 d5 3.g3 c5 4.cxd5 exd5 5.d4 Nc6 6.Bg2 Nf6 7.O-O Be7 8.Nc3 O-O
9.dxc5 Bxc5 10.Na4 Be7 11.Be3 Re8 12.Rc1 Bg4 13.Nc5 Bxc5 14.Rxc5 h6 15.Re1 Qd7
16.Nd4 Bh3 17.Nxc6 bxc6 18.Qa4 Bxg2 19.Kxg2 Re6 20.Rec1 Qb7 21.Bd4 Rc8 22.Ra5 Ne4
23.Rxa7  1/2-1/2

[Event "Open"]
[Site "Yuzhny UKR"]
[Date "2008.09.25"]
[Round "9"]
[White "Kovalev,De"]
[Black "Solodovnichenko,Y"]
[Result "1/2-1/2"]
[WhiteElo "2436"]
[BlackElo "2541"]

1.c4 e6 2.Nf3 d5 3.g3 dxc4 4.Qa4+ Nd7 5.Bg2 a6 6.Qxc4 b5 7.Qc6 Rb8 8.Qc2 Bb7
9.O-O c5 10.a4 Ngf6 11.axb5 axb5 12.d3 Be7 13.Bf4 Rc8 14.Nc3 b4 15.Nd1 O-O
16.Bg5 Nb6 17.Ra7 Rc7 18.Bf4 Bd6 19.Bxd6 Qxd6 20.Ra5 c4 21.Ne3 b3 22.Qb1 Qb4
23.Qa1 cxd3 24.exd3 Bxf3 25.Bxf3 Rd8 26.Qa3 Rd4 27.Nc4 Qxa3 28.Rxa3 Nbd7
29.Rxb3 g6 30.Rc3 Rc5 31.b4 Rb5 32.Rb1 Nd5 33.Rcb3 Rb8 34.Kf1 Kg7 35.Ke2 N7b6
36.Ne3 Ne7 37.Rc1 Rd7 38.b5 Ra7 39.Rc2 h5 40.Be4 Kf6 41.Nc4 Nbd5 42.b6 Ra6
43.Bxd5  1/2-1/2

[Event "ch-Commonwealth"]
[Site "Nagpur IND"]
[Date "2008.09.28"]
[Round "1"]
[White "Ranasinghe,S"]
[Black "Grover,S"]
[Result "1/2-1/2"]
[WhiteElo "1796"]
[BlackElo "2306"]

1.c4 e6 2.Nf3 d5 3.d4 Nf6 4.Bg5 Be7 5.e3 O-O 6.Nc3 h6 7.Bh4 b6 8.cxd5 Nxd5
9.Bxe7 Qxe7 10.Nxd5 exd5 11.Bd3 Be6 12.Ne5 c5 13.O-O Nd7 14.Nxd7 Qxd7 15.dxc5 bxc5
16.b3 a5 17.Qe2 Rab8 18.Rfc1 Rfc8 19.Rab1 Rb4 20.Qe1 Qa7 21.Be2 a4 22.Bd1 axb3
23.axb3 Qb6 24.Ra1 h5 25.h3 h4 26.Qe2 c4 27.bxc4 dxc4 28.Qh5 c3 29.Bc2 f6
30.Qh7+ Kf8 31.Qh8+ Kf7 32.Qh5+ Ke7 33.Qg6 Kf8 34.Bd3 Bf7 35.Qh7 Bg8 36.Qg6 Qc7
37.Ra3 Rb3 38.Ra4 Qf7 39.Qg4 Qc7 40.Bc2 Rb5 41.Qxh4 Rg5 42.Qb4+ Qc5 43.Qxc5+ Rgxc5
44.Bd3 Rd5 45.Rc4 Rcd8 46.Rd4 Rxd4 47.exd4 Rc8 48.Kf1 Ke7 49.Ke2 Kd6 50.Ke3 Re8+
51.Kf4 Rc8 52.Be4 Bd5 53.f3  1/2-1/2